000 00306nam a22001337a 4500
008 170526b xxu||||| |||| 00| 0 eng d
020 _a3519024373
041 _aGER
080 _a004
100 _a27
101 _aSHKI
245 _aPROGRAMMIER-UMGEBUNGEN UND COMPILER
_cMORGENBROD, H
942 _2udc
_cBK
999 _c14514
_d14514